[Event "Vrsar op"]
[Site "Vrsar"]
[Date "2023.04.30"]
[Round "8"]
[White "Mihaljevic, Eva"]
[Black "Tomic, Stjepan"]
[Result "1/2-1/2"]
[WhiteElo "1858"]
[BlackElo "2025"]
[PlyCount "40"]
[EventDate "2023.04.25"]
[EventType "swiss"]
[EventRounds "9"]
[EventCountry "CRO"]
[SourceTitle "CBM 214 Extra"]
[Source "ChessBase"]
[SourceDate "2023.07.31"]
[SourceVersion "1"]
[SourceVersionDate "2023.07.31"]
[SourceQuality "1"]

1. e4 c6 2. d4 d5 3. Nc3 dxe4 4. Nxe4 Nd7 5. Nf3 Ngf6 6. Nxf6+ Nxf6 7. Ne5 Be6 8. Be2 g6 9. 0-0 Bg7 10. c3 0-0 11. Bf3 Qb6 12. Nd3 Rad8 13. Re1 Rfe8 14. Nc5 Bc8 15. Qb3 Qc7 16. g3 Nd5 17. Nd3 Bf5 18. Nf4 Nxf4 19. Bxf4 Qd7 20. Rad1 Be6 1/2-1/2

[Event "Vrsar op"]
[Site "Vrsar"]
[Date "2023.04.29"]
[Round "6"]
[White "Tomic, Stjepan"]
[Black "Kekic, Urban"]
[Result "1-0"]
[WhiteElo "2025"]
[BlackElo "1792"]
[PlyCount "47"]
[EventDate "2023.04.25"]
[EventType "swiss"]
[EventRounds "9"]
[EventCountry "CRO"]
[SourceTitle "CBM 214 Extra"]
[Source "ChessBase"]
[SourceDate "2023.07.31"]
[SourceVersion "1"]
[SourceVersionDate "2023.07.31"]
[SourceQuality "1"]

1. e4 e5 2. Nf3 Nf6 3. d4 Nxe4 4. Bd3 d5 5. Nxe5 Nd7 6. Nxd7 Bxd7 7. 0-0 Bd6 8. c4 c6 9. cxd5 cxd5 10. Nc3 Nxc3 11. bxc3 0-0 12. Qh5 f5 13. Qf3 Be6 14. Re1 Qf6 15. Bd2 Rae8 16. Re2 Re7 17. Rae1 a6 18. Rxe6 Rxe6 19. Qxd5 Rfe8 20. Bc4 Kh8 21. Rxe6 Rxe6 22. Qxe6 Qd8 23. g3 g6 24. Bg5 1-0

[Event "Hvar Arsenal op"]
[Site "Hvar"]
[Date "2022.10.09"]
[Round "3"]
[White "Golubovic, Erik"]
[Black "Tomic, Stjepan"]
[Result "0-1"]
[WhiteElo "1769"]
[BlackElo "2056"]
[PlyCount "164"]
[EventDate "2022.10.08"]
[EventType "swiss"]
[EventRounds "9"]
[EventCountry "CRO"]
[SourceTitle "CBM 210 Extra"]
[Source "ChessBase"]
[SourceDate "2022.11.30"]
[SourceVersion "1"]
[SourceVersionDate "2022.11.30"]
[SourceQuality "1"]

1. e4 c6 2. c4 d5 3. cxd5 cxd5 4. exd5 Nf6 5. Nc3 Nxd5 6. Nf3 Nc6 7. Bb5 Nxc3 8. bxc3 Bd7 9. 0-0 e6 10. d4 Be7 11. Bf4 0-0 12. Re1 Bf6 13. Bd3 Rc8 14. Rc1 g6 15. Bh6 Re8 16. Bb1 Na5 17. Ne5 Nc4 18. Qf3 Nxe5 19. dxe5 Bg5 20. Bxg5 Qxg5 21. Be4 Bc6 22. Bxc6 Rxc6 23. Rb1 Qe7 24. g3 Rec8 25. Rb3 b6 26. Rd1 R6c7 27. Qd3 Qc5 28. Qe4 Qe7 29. Qd3 Rc5 30. Qd7 Qxd7 31. Rxd7 Ra5 32. a3 Rc4 33. Rd4 Rc7 34. f4 Kf8 35. Kf2 Ke7 36. Ke3 Rcc5 37. Kd3 h5 38. Ke3 Rc8 39. h4 Rac5 40. Kd3 f6 41. exf6+ Kxf6 42. Rd7 Rd5+ 43. Rxd5 exd5 44. Rb5 Ke6 45. a4 Rc4 46. a5 Rc5 47. Rb1 Rxa5 48. Re1+ Kf6 49. Re8 Ra1 50. Rf8+ Ke7 51. Rg8 Kf7 52. Ra8 a5 53. Kd4 Rd1+ 54. Ke5 Re1+ 55. Kxd5 Re3 56. Ra7+ Kf6 57. Ra6 Rxc3 58. Rxb6+ Kf5 59. Kd4 Rxg3 60. Rb5+ Kxf4 61. Rxa5 Kg4 62. Ke4 Kxh4 63. Kf4 Rg1 64. Kf3 g5 65. Kf2 Rg4 66. Ra3 Rb4 67. Kg2 Rb2+ 68. Kg1 g4 69. Rc3 g3 70. Rc4+ Kh3 71. Rc1 Rg2+ 72. Kh1 Ra2 73. Rb1 h4 74. Kg1 Rf2 75. Ra1 Kg4 76. Ra8 Rf5 77. Rg8+ Kf3 78. Rh8 Rf4 79. Rh7 Re4 80. Rf7+ Kg4 81. Rg7+ Kh3 82. Kf1 Ra4 0-1

[Event "EU-ch Amateur U2300"]
[Site "Zagreb"]
[Date "2022.08.21"]
[Round "9"]
[White "Grgantov, Marin"]
[Black "Tomic, Stjepan"]
[Result "0-1"]
[WhiteElo "2048"]
[BlackElo "1990"]
[PlyCount "68"]
[EventDate "2022.08.14"]
[EventType "swiss"]
[EventRounds "9"]
[EventCountry "CRO"]
[SourceTitle "CBM 210 Extra"]
[Source "ChessBase"]
[SourceDate "2022.11.30"]
[SourceVersion "1"]
[SourceVersionDate "2022.11.30"]
[SourceQuality "1"]

1. e4 c6 2. d4 d5 3. e5 Bf5 4. h4 h6 5. g4 Be4 6. f3 Bh7 7. e6 Qd6 8. exf7+ Kxf7 9. Bd3 e5 10. Bxh7 Rxh7 11. Ne2 Nd7 12. Nbc3 Ngf6 13. Qd3 Re8 14. Be3 exd4 15. Bxd4 Ne5 16. Bxe5 Qxe5 17. 0-0-0 Qe3+ 18. Qxe3 Rxe3 19. Rhf1 Bb4 20. Kd2 Re7 21. a3 Bc5 22. b4 Be3+ 23. Kd3 Rh8 24. Ng3 Rhe8 25. Nf5 Re6 26. Rde1 Bf4 27. Rxe6 Rxe6 28. Ne2 Bc7 29. Ned4 Re8 30. c4 dxc4+ 31. Kxc4 Nd5 32. h5 Ne3+ 33. Nxe3 Rxe3 34. Nc2 b5+ 0-1

[Event "Liberec op 21st"]
[Site "Liberec"]
[Date "2022.02.11"]
[Round "8"]
[White "Tomic, Stjepan"]
[Black "Muller, David"]
[Result "1-0"]
[WhiteElo "1987"]
[BlackElo "1802"]
[PlyCount "79"]
[EventDate "2022.02.05"]
[EventType "swiss"]
[EventRounds "9"]
[EventCountry "CZE"]
[SourceTitle "EXT 2023"]
[Source "ChessBase"]
[SourceDate "2022.10.05"]
[SourceVersion "1"]
[SourceVersionDate "2022.10.05"]
[SourceQuality "1"]

1. d4 d5 2. Bf4 Nf6 3. e3 e6 4. Nd2 c5 5. c3 Nc6 6. Ngf3 Bd6 7. Bg3 0-0 8. Bd3 b6 9. Qe2 Qc7 10. Rd1 cxd4 11. exd4 Bb7 12. Ne5 h6 13. 0-0 Rad8 14. f4 Ne7 15. Bh4 Nh7 16. Qh5 f6 17. Ng6 Rfe8 18. Rde1 Bc8 19. Ne5 Nf5 20. Ng6 Nxh4 21. Qxh4 f5 22. Nf3 Nf6 23. Nge5 Rf8 24. h3 Ne4 25. Rd1 Be7 26. Qe1 Kh7 27. Kh2 Bd7 28. Rg1 Rg8 29. g4 g6 30. g5 hxg5 31. Bxe4 dxe4 32. Nxg5+ Bxg5 33. Rxg5 Be8 34. Qh4+ Kg7 35. Rdg1 Kf8 36. Nxg6+ Bxg6 37. Rxg6 Rxg6 38. Rxg6 Rd7 39. Qh8+ Ke7 40. Qf6+ 1-0

[Event "Liberec op 21st"]
[Site "Liberec"]
[Date "2022.02.07"]
[Round "3"]
[White "Nowak, Filip"]
[Black "Tomic, Stjepan"]
[Result "1-0"]
[WhiteElo "1644"]
[BlackElo "2001"]
[PlyCount "95"]
[EventDate "2022.02.05"]
[EventType "swiss"]
[EventRounds "9"]
[EventCountry "CZE"]
[SourceTitle "EXT 2023"]
[Source "ChessBase"]
[SourceDate "2022.10.05"]
[SourceVersion "1"]
[SourceVersionDate "2022.10.05"]
[SourceQuality "1"]

1. e4 c6 2. d4 d5 3. Nc3 dxe4 4. Nxe4 Nf6 5. Nxf6+ exf6 6. c3 Bd6 7. Bd3 0-0 8. Ne2 Re8 9. 0-0 Nd7 10. Qc2 Nf8 11. Be3 h5 12. Rfe1 h4 13. h3 Bb8 14. Bf5 g6 15. Bxc8 Qxc8 16. Qa4 g5 17. Rad1 Qc7 18. Kf1 Qh2 19. Ng1 Qh1 20. d5 Bh2 21. Qg4 Ng6 22. Ke2 Bxg1 23. Rxg1 Qh2 24. dxc6 Qc7 25. Qd7 Qxc6 26. Qxc6 bxc6 27. Rd6 f5 28. Kd2 Ne5 29. b3 Rad8 30. Rxd8 Rxd8+ 31. Kc2 f4 32. Bd4 Nd7 33. Rd1 Nf8 34. Bc5 Rxd1 35. Kxd1 a6 36. Bxf8 Kxf8 37. f3 Ke7 38. Kd2 Ke6 39. Kd3 Kd5 40. c4+ Kc5 41. Kc3 a5 42. a3 f5 43. b4+ axb4+ 44. axb4+ Kd6 45. Kd4 c5+ 46. bxc5+ Kc6 47. Ke5 Kxc5 48. Kxf5 1-0

[Event "Arco op 43rd"]
[Site "Arco"]
[Date "2021.10.13"]
[Round "5"]
[White "Tomic, Stjepan"]
[Black "Molina, Fabrizio"]
[Result "0-1"]
[WhiteElo "1970"]
[BlackElo "2178"]
[PlyCount "96"]
[EventDate "2021.10.09"]
[EventType "swiss"]
[EventRounds "9"]
[EventCountry "ITA"]
[SourceTitle "CBM 204 Extra"]
[Source "ChessBase"]
[SourceDate "2021.11.30"]
[SourceVersion "1"]
[SourceVersionDate "2021.11.30"]
[SourceQuality "1"]

1. e4 c5 2. Nf3 d6 3. d4 cxd4 4. Nxd4 Nf6 5. f3 e5 6. Nb3 d5 7. Bg5 d4 8. c3 Nc6 9. Bb5 Qb6 10. Bxc6+ bxc6 11. cxd4 Ba6 12. Nc3 Rd8 13. d5 cxd5 14. exd5 Nxd5 15. Qd2 Nf6 16. Qe3 Bb4 17. Qxe5+ Kf8 18. Be3 Rd5 19. Qf4 Qb5 20. Kf2 Bxc3 21. Bc5+ Rxc5 22. bxc3 Qe2+ 23. Kg1 Qe5 24. Qd2 Rc8 25. f4 Qc7 26. h3 Bb7 27. Rd1 Ne4 28. Qe3 Qb6 29. Nd4 Rxc3 30. Qe1 g6 31. Kh2 Kg7 32. Qh4 Qf6 33. Qg4 h5 34. Qd7 Qxf4+ 35. Kg1 Qf2+ 36. Kh2 Qg3+ 37. Kg1 Nc5 38. Ne6+ Nxe6 39. Qxb7 Qe3+ 40. Kh2 Qf4+ 41. Kg1 Qe3+ 42. Kh2 Qg3+ 43. Kg1 Rd8 44. Rf1 Ng5 45. Qb2 Qe3+ 46. Kh2 Qe5+ 47. Kg1 Qd4+ 48. Rf2 Ne4 0-1

[Event "Belgrade Serbia op"]
[Site "Belgrade"]
[Date "2021.07.07"]
[Round "8"]
[White "Debevec, Blaz"]
[Black "Tomic, Stjepan"]
[Result "1/2-1/2"]
[WhiteElo "2135"]
[BlackElo "1928"]
[PlyCount "45"]
[EventDate "2021.07.02"]
[EventType "swiss"]
[EventRounds "9"]
[EventCountry "SRB"]
[SourceTitle "EXT 2022"]
[Source "ChessBase"]
[SourceDate "2021.10.06"]
[SourceVersion "1"]
[SourceVersionDate "2021.10.06"]
[SourceQuality "1"]

1. d4 d5 2. c4 c6 3. Nf3 Nf6 4. e3 Bf5 5. Nc3 e6 6. Nh4 Be4 7. f3 Bg6 8. Qb3 Qc7 9. Bd2 dxc4 10. Bxc4 Nbd7 11. Rc1 Be7 12. 0-0 Rd8 13. Rfd1 Ng4 14. fxg4 Bxh4 15. Bxe6 0-0 16. Bf5 Bf6 17. Ne4 Rfe8 18. Nf2 Nb6 19. Ba5 Qe7 20. Re1 Rd5 21. Bxg6 hxg6 22. Bc3 Bg5 23. Bd2 1/2-1/2

[Event "Veliko Gradiste Silver Lake op-A"]
[Site "Veliko Gradiste"]
[Date "2021.06.24"]
[Round "2"]
[White "Mijatovic, Dusan"]
[Black "Tomic, Stjepan"]
[Result "1-0"]
[WhiteElo "2202"]
[BlackElo "1928"]
[PlyCount "127"]
[EventDate "2021.06.23"]
[EventType "swiss"]
[EventRounds "9"]
[EventCountry "SRB"]
[SourceTitle "CBM 203 Extra"]
[Source "ChessBase"]
[SourceDate "2021.09.30"]
[SourceVersion "1"]
[SourceVersionDate "2021.09.30"]
[SourceQuality "1"]

1. e4 c6 2. Nc3 d5 3. Nf3 Bg4 4. h3 Bxf3 5. Qxf3 e6 6. g3 Nd7 7. Bg2 Ngf6 8. Qe2 dxe4 9. Nxe4 Nxe4 10. Qxe4 Nf6 11. Qc4 Qc7 12. d4 Bd6 13. a4 a5 14. Qb3 h6 15. 0-0 0-0 16. c4 Rfd8 17. Be3 Rd7 18. Rfd1 Re8 19. d5 c5 20. Bd2 exd5 21. cxd5 Rde7 22. Qf3 Nd7 23. Bf1 Ne5 24. Qf5 Ng6 25. Bb5 Re5 26. Qf3 R8e7 27. h4 Qc8 28. Bd3 Qh3 29. Bc3 Nxh4 30. Qh1 Qxh1+ 31. Kxh1 Nf3 32. Bxe5 Rxe5 33. Kg2 Nd4 34. Bc4 Kf8 35. Ra3 b6 36. Rf1 Nf5 37. Raa1 g6 38. Rae1 Kg7 39. Rxe5 Bxe5 40. b3 Kf6 41. Re1 g5 42. Rh1 Kg7 43. Kf3 Nd6 44. Re1 f6 45. Kg4 f5+ 46. Kh3 Kf6 47. Bd3 g4+ 48. Kg2 Nf7 49. Rh1 Kg5 50. f4+ gxf3+ 51. Kxf3 Bd6 52. Kg2 Be5 53. Rf1 Nd6 54. Re1 Kf6 55. Kf3 Nf7 56. Rh1 Kg5 57. Be2 Bd6 58. Kg2 Ne5 59. Rf1 Bf8 60. Bd1 Nf7 61. Re1 Nd6 62. Re6 Ne4 63. Rxb6 Bd6 64. Bc2 1-0

[Event "Berlin Lichtenrade op 15th"]
[Site "Berlin"]
[Date "2019.10.13"]
[Round "2"]
[White "Tomic, Stjepan"]
[Black "Roehr, Tobias"]
[Result "1/2-1/2"]
[WhiteElo "1901"]
[BlackElo "2123"]
[PlyCount "85"]
[EventDate "2019.10.12"]
[EventType "swiss"]
[EventRounds "9"]
[EventCountry "GER"]
[SourceTitle "CBM 195 Extra"]
[Source "ChessBase"]
[SourceDate "2020.05.31"]
[SourceVersion "1"]
[SourceVersionDate "2020.05.31"]
[SourceQuality "1"]

1. e4 c5 2. Nf3 e6 3. c4 Nc6 4. d4 cxd4 5. Nxd4 Nf6 6. Nc3 Bb4 7. Nxc6 bxc6 8. Bd3 e5 9. 0-0 Bc5 10. Qe2 d6 11. h3 Be6 12. Be3 Nd7 13. Na4 Bxe3 14. Qxe3 Qa5 15. b3 0-0 16. Rad1 Nb6 17. Nxb6 axb6 18. Bb1 Rad8 19. Rd2 f5 20. exf5 Bxf5 21. Bxf5 Rxf5 22. Rfd1 d5 23. g4 Rf6 24. Qxe5 Rdf8 25. cxd5 cxd5 26. Qxd5+ Qxd5 27. Rxd5 Rxf2 28. R1d2 Rxd2 29. Rxd2 Rc8 30. Rf2 Rc3 31. Kg2 h6 32. h4 g6 33. Rf6 Rc2+ 34. Kg3 Kg7 35. Rf2 Rc3+ 36. Rf3 Rc1 37. a4 Rg1+ 38. Kf4 Rh1 39. Rg3 Rxh4 40. Ke3 Kf6 41. b4 Rh1 42. Kd4 Kg5 43. Kc4 1/2-1/2

[Event "Senta op 23rd"]
[Site "Senta"]
[Date "2019.07.26"]
[Round "9"]
[White "Tomic, Stjepan"]
[Black "Soklovacki, Mila"]
[Result "0-1"]
[WhiteElo "1910"]
[BlackElo "1851"]
[PlyCount "64"]
[EventDate "2019.07.19"]
[EventType "swiss"]
[EventRounds "9"]
[EventCountry "SRB"]
[SourceTitle "EXT 2020"]
[Source "ChessBase"]
[SourceDate "2019.10.17"]
[SourceVersion "1"]
[SourceVersionDate "2019.10.17"]
[SourceQuality "1"]

1. e4 c5 2. Nc3 Nc6 3. Bb5 e6 4. Bxc6 bxc6 5. f4 d5 6. d3 Ne7 7. Nf3 Qb6 8. 0-0 c4+ 9. Kh1 cxd3 10. cxd3 Ba6 11. exd5 Nxd5 12. Ne5 Bd6 13. Qg4 0-0 14. Nd7 Qd4 15. Nxf8 Rxf8 16. Nxd5 cxd5 17. Rd1 Rc8 18. Rb1 Rc2 19. Bd2 Rxb2 20. Rbc1 Bb4 21. Bxb4 Qxb4 22. Qg5 h6 23. Qe5 Rxa2 24. Rb1 Qa4 25. Qb8+ Kh7 26. Qxa7 Qc2 27. Rg1 Bxd3 28. Qxf7 Be4 29. h4 Bxg2+ 30. Kh2 Bf1+ 31. Kg3 Qf2+ 32. Kg4 Qe2+ 0-1

[Event "Senta op 23rd"]
[Site "Senta"]
[Date "2019.07.25"]
[Round "8"]
[White "Sirotanovic, Obrad"]
[Black "Tomic, Stjepan"]
[Result "1/2-1/2"]
[WhiteElo "2194"]
[BlackElo "1910"]
[PlyCount "134"]
[EventDate "2019.07.19"]
[EventType "swiss"]
[EventRounds "9"]
[EventCountry "SRB"]
[SourceTitle "EXT 2020"]
[Source "ChessBase"]
[SourceDate "2019.10.17"]
[SourceVersion "1"]
[SourceVersionDate "2019.10.17"]
[SourceQuality "1"]

1. c4 c6 2. Nc3 d5 3. d4 Nf6 4. Nf3 e6 5. cxd5 exd5 6. Bg5 Be7 7. e3 Bf5 8. Bd3 Bxd3 9. Qxd3 0-0 10. 0-0 Nbd7 11. Qf5 h6 12. Bf4 Re8 13. Rab1 Bb4 14. Rfc1 a6 15. a3 Ba5 16. b4 Bc7 17. Bxc7 Qxc7 18. Nxd5 Qd6 19. Nxf6+ Nxf6 20. Ne5 Rad8 21. a4 Re7 22. b5 cxb5 23. axb5 axb5 24. Rxb5 Rc7 25. Rf1 Qa6 26. Rbb1 b5 27. Nd3 Rb8 28. Nb4 Qd6 29. Rb3 Rc4 30. Qb1 Rbc8 31. h3 g6 32. Nd3 Ne4 33. Ne5 Nd2 34. Nxc4 bxc4 35. Rb6 Qf8 36. Qb4 Nxf1 37. Qxf8+ Kxf8 38. Kxf1 Ke7 39. Ke2 Kd7 40. Kd2 Ra8 41. Kc3 Ra2 42. Rf6 Ke7 43. Rf3 f5 44. Kxc4 Ke6 45. g4 Ra4+ 46. Kb3 Ra8 47. gxf5+ gxf5 48. Rf4 Rc8 49. Rh4 Kd5 50. Rxh6 f4 51. Rh5+ Ke4 52. Re5+ Kd3 53. Kb4 Rc2 54. d5 Rxf2 55. d6 fxe3 56. Rd5+ Kc2 57. Rc5+ Kb2 58. Re5 Rd2 59. Kc5 e2 60. Kc6 Kc1 61. d7 Kd1 62. h4 e1Q 63. Rxe1+ Kxe1 64. h5 Rc2+ 65. Kb7 Rb2+ 66. Kc7 Rc2+ 67. Kd8 Rh2 1/2-1/2

[Event "Senta op 23rd"]
[Site "Senta"]
[Date "2019.07.24"]
[Round "7"]
[White "Tomic, Stjepan"]
[Black "Simonyi, Zoltan"]
[Result "0-1"]
[WhiteElo "1910"]
[BlackElo "2176"]
[PlyCount "62"]
[EventDate "2019.07.19"]
[EventType "swiss"]
[EventRounds "9"]
[EventCountry "SRB"]
[SourceTitle "EXT 2020"]
[Source "ChessBase"]
[SourceDate "2019.10.17"]
[SourceVersion "1"]
[SourceVersionDate "2019.10.17"]
[SourceQuality "1"]

1. e4 c5 2. Nf3 g6 3. c4 b6 4. d4 cxd4 5. Qxd4 Nf6 6. Nc3 Nc6 7. Qd1 Bg7 8. a3 0-0 9. Bd3 d6 10. 0-0 Bg4 11. h3 Bxf3 12. Qxf3 Rc8 13. Be3 Nd7 14. Qe2 Nde5 15. f4 Nxd3 16. Qxd3 Na5 17. Bd4 Bxd4+ 18. Qxd4 Nb3 19. Qd3 Nxa1 20. Rxa1 Qd7 21. Nd5 f6 22. b3 e6 23. Ne3 Qc6 24. a4 f5 25. exf5 gxf5 26. Re1 Rce8 27. Kh2 Rf7 28. Re2 Rg7 29. Nc2 e5 30. Qxf5 exf4 31. Nd4 Rxe2 0-1

[Event "CRO Cup"]
[Site "Mali Losinj"]
[Date "2019.05.15"]
[Round "1.104"]
[White "Tomic, Stjepan"]
[Black "Krklec, Josip"]
[Result "0-1"]
[WhiteElo "1876"]
[BlackElo "2029"]
[PlyCount "138"]
[EventDate "2019.05.15"]
[EventType "team-swiss"]
[EventRounds "6"]
[EventCountry "CRO"]
[SourceTitle "CBM 190 Extra"]
[Source "ChessBase"]
[SourceDate "2019.07.15"]
[SourceVersion "1"]
[SourceVersionDate "2019.07.15"]
[SourceQuality "1"]
[WhiteTeam "Zagreb Mladost"]
[BlackTeam "Krapina"]
[WhiteTeamCountry "CRO"]
[BlackTeamCountry "CRO"]

1. e4 c5 2. Nc3 g6 3. f4 Bg7 4. Nf3 Nc6 5. Bb5 d6 6. 0-0 Bd7 7. d3 e6 8. Bd2 Nge7 9. Rb1 0-0 10. Ne2 e5 11. fxe5 Nxe5 12. Bxd7 Qxd7 13. Nxe5 dxe5 14. Be3 Rac8 15. b3 f5 16. exf5 Nxf5 17. Bf2 Bh6 18. Ng3 Nxg3 19. Bxg3 Qd4+ 20. Kh1 Bf4 21. Bxf4 Rxf4 22. Rxf4 Qxf4 23. Qf3 Qxf3 24. gxf3 Kf7 25. Kg2 Kf6 26. Kg3 Kf5 27. Re1 Rd8 28. Re4 Rd4 29. h4 b5 30. a3 h6 31. Rg4 a5 32. Re4 b4 33. a4 h5 34. Re2 Ke6 35. Re4 Kd5 36. Kf2 Rxe4 37. dxe4+ Kd4 38. Ke2 Kc3 39. f4 Kxc2 40. fxe5 c4 41. e6 cxb3 42. e7 b2 43. e8Q b1Q 44. Qd7 Kb3 45. Ke3 Qg1+ 46. Kf4 Qc1+ 47. Kf3 Qc3+ 48. Kf4 Qf6+ 49. Ke3 Qc3+ 50. Kf4 Ka2 51. e5 Qc1+ 52. Kf3 Qf1+ 53. Ke3 Qg1+ 54. Kf3 Qh1+ 55. Ke3 Qe1+ 56. Kf4 Qxh4+ 57. Kf3 Qh1+ 58. Ke3 Qg1+ 59. Kf3 b3 60. e6 Qg4+ 61. Ke3 Qh3+ 62. Kd2 Qg2+ 63. Ke3 b2 64. e7 Qg3+ 65. Kd4 Qf4+ 66. Kc5 Qb4+ 67. Kd5 b1Q 68. e8Q Qd3+ 69. Ke6 Qxd7+ 0-1

[Event "Bratislava Doprastav op"]
[Site "Bratislava"]
[Date "2019.04.21"]
[Round "6"]
[White "Tomic, Stjepan"]
[Black "Nagy, Attila2222"]
[Result "0-1"]
[WhiteElo "1859"]
[BlackElo "2072"]
[PlyCount "134"]
[EventDate "2019.04.18"]
[EventType "swiss"]
[EventRounds "7"]
[EventCountry "SVK"]
[SourceTitle "CBM 189 Extra"]
[Source "ChessBase"]
[SourceDate "2019.06.03"]
[SourceVersion "1"]
[SourceVersionDate "2019.06.03"]
[SourceQuality "1"]

1. e4 c5 2. Nf3 Nc6 3. Bb5 g6 4. Bxc6 bxc6 5. c4 Bg7 6. Nc3 d6 7. 0-0 e5 8. d3 Ne7 9. Ne1 Rb8 10. Qe2 0-0 11. f4 f5 12. fxe5 Bxe5 13. Bf4 Bxf4 14. Rxf4 g5 15. Rf2 Ng6 16. b3 f4 17. Rd1 Qf6 18. Na4 g4 19. Qb2 Qh4 20. Rf1 Be6 21. Qd2 Qf6 22. d4 Rbd8 23. Nc3 cxd4 24. Qxd4 Ne5 25. Kh1 Qg5 26. Qd2 g3 27. h3 Qh5 28. Qe2 Bg4 29. Nf3 Rf6 30. Kg1 Nxf3+ 31. Rxf3 Rh6 32. Rxg3 fxg3 33. Qxg4+ Qxg4 34. hxg4 Rf8 35. Ne2 Rf2 36. Nxg3 Rxa2 37. Nf5 Re6 38. Nxd6 Ra3 39. Rd3 a5 40. Nf5 Rxe4 41. Kh2 Kf8 42. Rf3 Re1 43. Nd4+ Ke7 44. Nxc6+ Kd6 45. Nd4 Raa1 46. Kg3 Reb1 47. Kf4 Kc5 48. Ne6+ Kb4 49. Nd4 Kc5 50. Ne6+ Kb4 51. Nd4 Ra2 52. g3 Rd1 53. Nc6+ Kc5 54. Ne5 Ra3 55. Kg5 Kd4 56. Nc6+ Ke4 57. Rf4+ Kd3 58. Rf5 Rda1 59. Kh6 Kc3 60. Rf3+ Kb2 61. Kxh7 Rxb3 62. Rxb3+ Kxb3 63. Nxa5+ Rxa5 64. Kh6 Kxc4 65. g5 Kd5 66. g6 Ke6 67. g4 Kf6 0-1